Multisensory strategies : (Record no. 105590)
[ view plain ]
| 000 -LEADER | |
|---|---|
| fixed length control field | 00705nam a2200205 a 4500 |
| 005 - DATE AND TIME OF LATEST TRANSACTION | |
| control field | 20140412111407.0 |
| 008 - FIXED-LENGTH DATA ELEMENTS--GENERAL INFORMATION | |
| fixed length control field | 061208s19uu xx 00 eng d |
| 020 ## - INTERNATIONAL STANDARD BOOK NUMBER | |
| International Standard Book Number | 0-439-37659-9 |
| 050 ## - LIBRARY OF CONGRESS CALL NUMBER | |
| Classification number | TR(GS 372.46 |
| Item number | M11 2005 |
| 100 ## - MAIN ENTRY--PERSONAL NAME | |
| Personal name | McIntosh, Edgar |
| 245 ## - TITLE STATEMENT | |
| Title | Multisensory strategies : |
| Remainder of title | lessons and classroom management techniques to reach and teach all learners. |
| 260 ## - PUBLICATION, DISTRIBUTION, ETC. (IMPRINT) | |
| Place of publication, distribution, etc | U.S.A : |
| Name of publisher, distributor, etc | Scholastic, |
| Date of publication, distribution, etc | 2005. |
| 300 ## - PHYSICAL DESCRIPTION | |
| Extent | 160 |
| 440 ## - SERIES STATEMENT/ADDED ENTRY--TITLE | |
| Title | Teaching strategies |
| 500 ## - GENERAL NOTE | |
| General note | Includes lessons, strategies, and mangement techniques |
| 650 ## - SUBJECT ADDED ENTRY--TOPICAL TERM | |
| Topical term or geographic name as entry element | Reading- phonetic method teaching |
| 650 ## - SUBJECT ADDED ENTRY--TOPICAL TERM | |
| Topical term or geographic name as entry element | Reading-- remedial teaching |
| 650 ## - SUBJECT ADDED ENTRY--TOPICAL TERM | |
| Topical term or geographic name as entry element | Education,Elementary-- activity programs |
| Withdrawn status | Lost status | Damaged status | Use restrictions | Home library | Current library | Shelving location | Date acquired | Source of acquisition | Cost, normal purchase price | Total Checkouts | Full call number | Barcode | Date last seen | Price effective from | Koha item type |
|---|---|---|---|---|---|---|---|---|---|---|---|---|---|---|---|
| Elizalde Library | Elizalde Library | Teachers Reference Section | 12/08/2006 | 495.00 | TR(GS 372.46 M11 2005 | E10395 | 04/12/2014 | 04/12/2014 | Books |